[Event "ODJM C 2024"]
[Site "Willingen GER"]
[Date "2024.05.22"]
[Round "5"]
[White "Schmidt, Lina"]
[Black "Schwarzfischer, Ramona"]
[Result "0-1"]
[Termination "normal"]
[Board "40"]
[WhiteElo "746"]
[BlackElo "974"]
[WhiteClock "01:21:35"]
[BlackClock "01:14:21"]
[PlyCount "74"]
[WhiteFideId "34681493"]
[BlackFideId "16268113"]
[EventCountry "GER"]
[EventRounds "9"]
[EventType "swiss"]
[EventDate "2024.05.18"]

1. e4 {[%clk 01:30:59]} {[%emt 00:00:12]} c6 {[%clk 01:30:53]} 2. d4 {[%clk
01:31:13]} d5 {[%clk 01:31:18]} 3. exd5 {[%clk 01:31:35]} cxd5 {[%clk
01:31:41]} 4. Bb5+ {[%clk 01:31:36]} Nc6 {[%clk 01:31:49]} 5. Be2 {[%clk
01:31:51]} Bf5 {[%clk 01:32:00]} 6. Nf3 {[%clk 01:31:50]} a6 {[%clk 01:32:03]}
7. Bd3 {[%clk 01:32:03]} Bxd3 {[%clk 01:31:27]} 8. cxd3 {[%clk 01:32:19]} e6
{[%clk 01:30:58]} 9. O-O {[%clk 01:32:10]} Bd6 {[%clk 01:30:47]} 10. Nc3 {[%clk
01:31:41]} Nge7 {[%clk 01:30:38]} 11. Ne2 {[%clk 01:31:14]} O-O {[%clk
01:28:55]} 12. Nf4 {[%clk 01:30:22]} Nf5 {[%clk 01:27:46]} 13. Re1 Ncxd4 {[%clk
01:24:28]} 14. Bd2 {[%clk 01:23:22]} Nxf3+ {[%clk 01:22:47]} 15. Qxf3 {[%clk
01:23:27]} Nd4 {[%clk 01:22:50]} 16. Qd1 {[%clk 01:23:19]} Rc8 {[%clk
01:17:30]} 17. Qc1 {[%clk 01:21:02]} Rxc1 {[%clk 01:15:13]} 18. Raxc1 {[%clk
01:21:20]} Qh4 {[%clk 01:14:31]} 19. g3 {[%clk 01:20:51]} Qg5 {[%clk 01:13:42]}
20. a4 {[%clk 01:20:43]} Nf3+ {[%clk 01:13:50]} 21. Kg2 {[%clk 01:20:50]} Nxe1+
{[%clk 01:13:57]} 22. Rxe1 {[%clk 01:21:14]} e5 {[%clk 01:13:48]} 23. h4 {[%clk
01:21:20]} Qd8 {[%clk 01:12:45]} 24. Ne2 {[%clk 01:21:33]} Qf6 {[%clk
01:12:34]} 25. Bg5 {[%clk 01:21:44]} {[%emt 00:00:08]} Qf5 {[%clk 01:12:44]}
{[%emt 00:00:19]} 26. d4 {[%clk 01:21:45]} {[%emt 00:00:28]} e4 {[%clk
01:12:51]} {[%emt 00:00:24]} 27. Nf4 {[%clk 01:21:08]} {[%emt 00:01:07]} Bxf4
{[%clk 01:13:05]} {[%emt 00:00:16]} 28. Bxf4 {[%clk 01:21:25]} {[%emt
00:00:13]} Qg4 {[%clk 01:13:21]} {[%emt 00:00:13]} 29. Re3 {[%clk 01:21:10]}
{[%emt 00:00:45]} Rc8 {[%clk 01:13:23]} {[%emt 00:00:29]} 30. Bd6 {[%clk
01:20:56]} {[%emt 00:00:44]} Rc2 {[%clk 01:13:25]} {[%emt 00:00:27]} 31. b4
{[%clk 01:21:00]} {[%emt 00:00:26]} Re2 {[%clk 01:13:27]} {[%emt 00:00:28]} 32.
Rc3 {[%clk 01:20:35]} {[%emt 00:00:56]} h6 {[%clk 01:13:41]} {[%emt 00:00:16]}
33. h5 {[%clk 01:20:54]} {[%emt 00:00:11]} Rd2 {[%clk 01:13:56]} {[%emt
00:00:15]} 34. b5 {[%clk 01:20:58]} {[%emt 00:00:26]} Qe2 {[%clk 01:14:16]}
{[%emt 00:00:06]} 35. bxa6 {[%clk 01:21:22]} {[%emt 00:00:09]} Qxf2+ {[%clk
01:14:36]} {[%emt 00:00:10]} 36. Kh3 {[%clk 01:21:29]} {[%emt 00:00:24]} Qf5+
{[%clk 01:14:29]} {[%emt 00:00:36]} 37. Kh4 {[%clk 01:21:35]} {[%emt 00:00:24]}
Rh2# {[%clk 01:14:21]} {[%emt 00:00:07]} 0-1

[Event "ODJM C 2024"]
[Site "Willingen GER"]
[Date "2024.05.22"]
[Round "5"]
[White "Martens, Nele"]
[Black "Neumann, Viktoria"]
[Result "1/2-1/2"]
[Termination "normal"]
[Board "42"]
[WhiteElo "762"]
[BlackElo "769"]
[WhiteClock "01:10:53"]
[BlackClock "01:12:23"]
[PlyCount "40"]
[WhiteFideId "533001952"]
[BlackFideId "34697292"]
[EventCountry "GER"]
[EventRounds "9"]
[EventType "swiss"]
[EventDate "2024.05.18"]

1. e4 {[%clk 01:30:58]} {[%emt 00:04:07]} d6 {[%clk 01:30:45]} 2. d4 {[%clk
01:31:17]} Nf6 {[%clk 01:31:00]} 3. Nc3 {[%clk 01:31:21]} g6 {[%clk 01:31:18]}
4. Nf3 {[%clk 01:31:18]} Bg7 {[%clk 01:31:31]} 5. Bc4 {[%clk 01:30:39]} O-O
{[%clk 01:31:42]} 6. O-O {[%clk 01:30:17]} c5 {[%clk 01:30:33]} 7. Bf4 Be6
{[%clk 01:28:23]} 8. d5 {[%clk 01:28:49]} Bg4 {[%clk 01:27:40]} 9. Qd3 {[%clk
01:28:03]} e5 {[%clk 01:26:16]} 10. dxe6 {[%clk 01:27:39]} fxe6 {[%clk
01:26:21]} 11. Ng5 {[%clk 01:24:14]} Re8 {[%clk 01:23:22]} 12. h3 {[%clk
01:22:43]} Be2 {[%clk 01:19:40]} 13. Nxe2 {[%clk 01:21:28]} d5 {[%clk
01:19:24]} 14. exd5 {[%clk 01:21:25]} exd5 {[%clk 01:19:16]} 15. Bb5 {[%clk
01:20:51]} Re7 {[%clk 01:18:14]} 16. Be3 {[%clk 01:18:56]} b6 {[%clk 01:18:05]}
17. Bc6 {[%clk 01:18:49]} Nxc6 {[%clk 01:17:57]} 18. Rad1 {[%clk 01:17:55]} c4
{[%clk 01:17:42]} 19. Qd2 {[%clk 01:16:27]} Rc8 {[%clk 01:16:36]} 20. Rfe1
{[%clk 01:10:53]} {[%emt 00:01:56]} Re8 {[%clk 01:12:23]} {[%emt 00:04:43]}
1/2-1/2

[Event "ODJM C 2024"]
[Site "Willingen GER"]
[Date "2024.05.22"]
[Round "5"]
[White "Wagner, Valentin Thien-Phu"]
[Black "Bräutigam, Viktoria"]
[Result "1/2-1/2"]
[Termination "normal"]
[Board "43"]
[WhiteElo "863"]
[BlackElo "863"]
[WhiteClock "01:09:25"]
[BlackClock "01:11:41"]
[PlyCount "70"]
[WhiteFideId "34603492"]
[BlackFideId "34638652"]
[EventCountry "GER"]
[EventRounds "9"]
[EventType "swiss"]
[EventDate "2024.05.18"]

1. e4 {[%clk 01:30:57]} {[%emt 00:00:05]} e5 {[%clk 01:30:43]} 2. Nf3 {[%clk
01:31:16]} Nc6 {[%clk 01:30:58]} 3. Bc4 {[%clk 01:31:26]} Bc5 {[%clk 01:31:06]}
4. d3 {[%clk 01:31:40]} h6 {[%clk 01:31:21]} 5. Be3 {[%clk 01:31:48]} Bb6
{[%clk 01:31:40]} 6. Nc3 {[%clk 01:31:45]} Nf6 {[%clk 01:31:56]} 7. O-O {[%clk
01:31:47]} d6 {[%clk 01:31:39]} 8. h3 {[%clk 01:32:08]} O-O 9. a4 {[%clk
01:27:15]} Be6 {[%clk 01:31:33]} 10. Rb1 {[%clk 01:22:10]} Qd7 {[%clk
01:30:20]} 11. b4 {[%clk 01:17:17]} a6 {[%clk 01:30:13]} 12. Bd5 {[%clk
01:13:15]} Qe7 {[%clk 01:17:31]} 13. Bxb6 {[%clk 01:12:48]} cxb6 {[%clk
01:16:54]} 14. Bxc6 {[%clk 01:12:36]} bxc6 {[%clk 01:17:04]} 15. d4 {[%clk
01:12:54]} Bc4 {[%clk 01:16:14]} 16. Nd2 {[%clk 01:08:51]} Bxf1 {[%clk
01:16:26]} 17. Qxf1 {[%clk 01:09:06]} exd4 {[%clk 01:15:51]} 18. Ne2 {[%clk
01:08:33]} Nxe4 19. Nxe4 {[%clk 01:08:20]} {[%emt 00:00:34]} Qxe4 {[%clk
01:15:55]} {[%emt 00:00:14]} 20. Ng3 {[%clk 01:08:42]} {[%emt 00:00:11]} Qxc2
{[%clk 01:14:44]} {[%emt 00:01:40]} 21. Re1 {[%clk 01:08:36]} {[%emt 00:00:36]}
Qxa4 {[%clk 01:14:07]} {[%emt 00:01:07]} 22. Qc4 {[%clk 01:08:16]} {[%emt
00:00:46]} Rfe8 {[%clk 01:13:55]} {[%emt 00:00:47]} 23. Rxe8+ {[%clk 01:07:57]}
{[%emt 00:00:49]} Rxe8 {[%clk 01:14:05]} {[%emt 00:00:20]} 24. Qxd4 {[%clk
01:07:51]} {[%emt 00:00:35]} Re1+ {[%clk 01:14:12]} {[%emt 00:00:24]} 25. Kh2
{[%clk 01:08:01]} {[%emt 00:00:19]} Rd1 {[%clk 01:14:11]} {[%emt 00:00:32]} 26.
Qg4 {[%clk 01:07:41]} {[%emt 00:00:46]} d5 {[%clk 01:13:45]} {[%emt 00:01:00]}
27. Nh5 {[%clk 01:07:26]} {[%emt 00:00:46]} Qa1 {[%emt 00:02:20]} 28. Qc8+
{[%clk 01:07:17]} {[%emt 00:00:26]} Kh7 {[%clk 01:12:14]} {[%emt 00:00:23]} 29.
Qf5+ {[%clk 01:07:43]} {[%emt 00:00:04]} g6 {[%clk 01:11:57]} {[%emt 00:00:46]}
30. Qxf7+ {[%clk 01:07:46]} {[%emt 00:00:25]} Kh8 {[%clk 01:11:19]} {[%emt
00:01:07]} 31. Qf8+ {[%clk 01:07:42]} {[%emt 00:00:37]} Kh7 {[%clk 01:11:07]}
{[%emt 00:00:42]} 32. Qf7+ {[%clk 01:08:03]} {[%emt 00:00:09]} Kh8 {[%clk
01:11:18]} {[%emt 00:00:19]} 33. Qf8+ {[%clk 01:08:31]} {[%emt 00:00:03]} Kh7
{[%clk 01:11:18]} {[%emt 00:00:30]} 34. Qf7+ {[%clk 01:08:58]} {[%emt
00:00:03]} Kh8 {[%clk 01:11:22]} {[%emt 00:00:24]} 35. Qf8+ {[%clk 01:09:25]}
{[%emt 00:00:04]} Kh7 {[%clk 01:11:41]} {[%emt 00:00:31]} 1/2-1/2

[Event "ODJM C 2024"]
[Site "Willingen GER"]
[Date "2024.05.22"]
[Round "5"]
[White "Hirtzel, Amelie Meiyan"]
[Black "Prokscha, Kilian"]
[Result "0-1"]
[Termination "normal"]
[Board "45"]
[WhiteElo "811"]
[BlackElo "695"]
[WhiteClock "01:13:53"]
[BlackClock "00:51:04"]
[PlyCount "84"]
[WhiteFideId "533001898"]
[BlackFideId "533002843"]
[EventCountry "GER"]
[EventRounds "9"]
[EventType "swiss"]
[EventDate "2024.05.18"]

1. d4 {[%clk 01:30:57]} {[%emt 00:01:12]} d5 {[%clk 01:30:58]} 2. c4 {[%clk
01:31:21]} e6 {[%clk 01:31:18]} 3. Nc3 {[%clk 01:31:47]} c6 {[%clk 01:31:32]}
4. cxd5 {[%clk 01:32:12]} exd5 {[%clk 01:31:36]} 5. Nf3 {[%clk 01:32:33]} f5
{[%clk 01:31:32]} 6. Bf4 {[%clk 01:32:46]} Nf6 {[%clk 01:30:49]} 7. e3 {[%clk
01:32:43]} Bb4 {[%clk 01:30:00]} 8. Qc2 Bd6 {[%clk 01:28:28]} 9. Bxd6 {[%clk
01:32:23]} Qxd6 {[%clk 01:28:45]} 10. Bd3 {[%clk 01:32:45]} g6 {[%clk
01:27:19]} 11. O-O {[%clk 01:33:05]} Bd7 {[%clk 01:27:28]} 12. Qb3 {[%clk
01:31:39]} Qc7 {[%clk 01:24:58]} 13. Rfe1 {[%clk 01:31:31]} Ne4 {[%clk
01:24:21]} 14. a3 {[%clk 01:30:13]} Be6 {[%clk 01:21:50]} 15. Qb4 {[%clk
01:23:48]} Nd7 {[%clk 01:14:56]} 16. Rac1 {[%clk 01:23:00]} Ndf6 {[%clk
01:12:57]} 17. Nb5 {[%clk 01:22:52]} Qb8 {[%clk 01:11:02]} 18. Nc3 {[%clk
01:22:39]} Ng4 {[%clk 01:11:05]} 19. h3 {[%clk 01:22:27]} Ngxf2 {[%clk
01:10:18]} 20. Bf1 {[%clk 01:21:18]} Nd3 {[%clk 01:09:55]} 21. Bxd3 b6 {[%clk
01:08:54]} 22. Qb3 Qd6 {[%clk 01:07:19]} 23. Ne5 c5 {[%clk 01:06:24]} 24. Nb5
{[%clk 01:21:15]} Qd8 {[%clk 01:05:05]} 25. dxc5 {[%clk 01:19:05]} bxc5 {[%clk
01:04:58]} 26. Qa4 {[%clk 01:18:27]} O-O {[%clk 01:03:26]} 27. Nc3 {[%clk
01:17:46]} Qh4 {[%clk 01:02:38]} 28. Nxe4 {[%clk 01:17:05]} fxe4 {[%clk
01:02:53]} 29. Bc2 {[%clk 01:16:36]} Qf2+ {[%clk 01:02:37]} 30. Kh2 {[%clk
01:16:44]} Rf5 {[%clk 01:00:42]} 31. Ng4 {[%clk 01:16:38]} Qh4 {[%clk
00:59:42]} 32. Rf1 {[%clk 01:16:42]} Rxf1 {[%clk 00:59:28]} 33. Rxf1 {[%clk
01:16:59]} Bxg4 {[%clk 00:58:42]} 34. Qb5 Rf8 {[%clk 00:56:22]} {[%emt
00:01:36]} 35. Rd1 {[%clk 01:14:40]} {[%emt 00:00:46]} Bxd1 {[%clk 00:56:13]}
{[%emt 00:00:39]} 36. Bxd1 {[%clk 01:14:59]} {[%emt 00:00:12]} Rf2 {[%clk
00:55:22]} {[%emt 00:01:20]} 37. Qe8+ {[%clk 01:14:06]} {[%emt 00:01:24]} Kg7
{[%clk 00:55:18]} {[%emt 00:00:34]} 38. Qe6 {[%clk 01:13:50]} {[%emt 00:00:46]}
d4 {[%clk 00:53:00]} {[%emt 00:02:47]} 39. exd4 {[%clk 01:14:04]} {[%emt
00:00:17]} cxd4 {[%clk 00:53:21]} {[%emt 00:00:09]} 40. Qd7+ {[%clk 01:13:59]}
{[%emt 00:00:35]} Kh6 {[%clk 00:52:31]} {[%emt 00:01:19]} 41. Qxd4 {[%clk
01:14:02]} {[%emt 00:00:28]} Qf4+ {[%clk 00:52:05]} {[%emt 00:00:56]} 42. Kg1
{[%clk 01:13:53]} {[%emt 00:00:40]} Rf1# {[%clk 00:51:04]} {[%emt 00:00:49]}
0-1

[Event "ODJM C 2024"]
[Site "Willingen GER"]
[Date "2024.05.22"]
[Round "6"]
[White "Schilay, Vinzenz"]
[Black "von Gehlen, Samuel"]
[Result "1-0"]
[Termination "normal"]
[Board "1"]
[WhiteElo "1143"]
[BlackElo "1510"]
[WhiteClock "01:02:35"]
[BlackClock "01:05:12"]
[PlyCount "44"]
[WhiteFideId "12983209"]
[BlackFideId "34651551"]
[EventCountry "GER"]
[EventRounds "9"]
[EventType "swiss"]
[EventDate "2024.05.18"]

1. e4 {[%clk 01:30:57]} {[%emt 00:00:02]} c6 {[%clk 01:30:45]} {[%emt
00:00:16]} 2. Nf3 {[%clk 01:31:21]} {[%emt 00:00:07]} d5 {[%clk 01:28:54]}
{[%emt 00:02:20]} 3. exd5 {[%clk 01:31:39]} {[%emt 00:00:11]} cxd5 {[%clk
01:29:12]} {[%emt 00:00:12]} 4. Ne5 {[%clk 01:32:03]} {[%emt 00:00:07]} Nc6
{[%clk 01:28:03]} {[%emt 00:01:39]} 5. d4 {[%clk 01:32:20]} {[%emt 00:00:13]}
Bf5 {[%clk 01:27:52]} {[%emt 00:00:41]} 6. Bb5 {[%clk 01:31:18]} {[%emt
00:01:32]} Bd7 {[%clk 01:25:36]} {[%emt 00:02:46]} 7. Bd3 {[%clk 01:31:15]}
{[%emt 00:00:33]} Qc7 {[%clk 01:21:21]} {[%emt 00:04:46]} 8. Bf4 {[%clk
01:28:20]} {[%emt 00:03:24]} Qb6 {[%clk 01:20:09]} {[%emt 00:01:42]} 9. Qh5
{[%clk 01:20:54]} {[%emt 00:07:56]} Nxe5 {[%clk 01:18:12]} {[%emt 00:02:26]}
10. Qxe5 {[%clk 01:20:04]} {[%emt 00:01:21]} Qxb2 {[%clk 01:17:42]} {[%emt
00:00:59]} 11. O-O {[%clk 01:19:29]} {[%emt 00:01:06]} Qxa1 {[%clk 01:17:22]}
{[%emt 00:00:50]} 12. Qxd5 {[%clk 01:19:29]} {[%emt 00:00:30]} Qb2 {[%clk
01:14:35]} {[%emt 00:03:15]} 13. Bc4 {[%clk 01:17:47]} {[%emt 00:02:14]} e6
{[%clk 01:13:53]} {[%emt 00:01:11]} 14. Qe4 {[%clk 01:16:48]} {[%emt 00:01:30]}
Nf6 {[%clk 01:13:38]} {[%emt 00:00:45]} 15. Qe5 {[%clk 01:17:00]} {[%emt
00:00:17]} Qb6 {[%clk 01:10:37]} {[%emt 00:03:30]} 16. d5 {[%clk 01:15:14]}
{[%emt 00:02:18]} Be7 {[%clk 01:10:03]} {[%emt 00:01:04]} 17. d6 {[%clk
01:15:14]} {[%emt 00:00:30]} Bd8 {[%clk 01:09:21]} {[%emt 00:01:12]} 18. Nd2
{[%clk 01:14:00]} {[%emt 00:01:44]} O-O {[%clk 01:09:33]} {[%emt 00:00:18]} 19.
Bd3 {[%clk 01:13:11]} {[%emt 00:01:20]} Nd5 {[%clk 01:07:48]} {[%emt 00:02:14]}
20. Nf3 {[%clk 01:04:56]} {[%emt 00:08:46]} f6 {[%clk 01:06:43]} {[%emt
00:01:34]} 21. Qh5 {[%clk 01:03:37]} {[%emt 00:01:48]} h6 {[%clk 01:05:13]}
{[%emt 00:02:01]} 22. Bxh6 {[%clk 01:02:35]} {[%emt 00:01:31]} gxh6 {[%clk
01:05:12]} {[%emt 00:00:31]} 1-0

[Event "ODJM C 2024"]
[Site "Willingen GER"]
[Date "2024.05.22"]
[Round "6"]
[White "Hantke, Karl"]
[Black "Polster, Martha"]
[Result "1-0"]
[Termination "normal"]
[Board "2"]
[WhiteElo "1555"]
[BlackElo "1281"]
[WhiteClock "00:47:56"]
[BlackClock "01:03:49"]
[PlyCount "57"]
[WhiteFideId "34640827"]
[BlackFideId "34639845"]
[EventCountry "GER"]
[EventRounds "9"]
[EventType "swiss"]
[EventDate "2024.05.18"]

1. e4 {[%clk 01:30:57]} {[%emt 00:00:02]} e5 {[%clk 01:30:56]} {[%emt
00:00:04]} 2. Nf3 {[%clk 01:31:16]} {[%emt 00:00:11]} Nf6 {[%clk 01:31:17]}
{[%emt 00:00:09]} 3. Nxe5 {[%clk 01:31:34]} {[%emt 00:00:12]} d6 {[%clk
01:31:41]} {[%emt 00:00:06]} 4. Nf3 {[%clk 01:31:41]} {[%emt 00:00:24]} Nxe4
{[%clk 01:32:04]} {[%emt 00:00:07]} 5. Nc3 {[%clk 01:31:54]} {[%emt 00:00:16]}
Nxc3 {[%clk 01:32:20]} {[%emt 00:00:14]} 6. dxc3 {[%clk 01:32:15]} {[%emt
00:00:10]} Nc6 {[%clk 01:31:42]} {[%emt 00:01:08]} 7. Be3 {[%clk 01:32:17]}
{[%emt 00:00:26]} Be6 {[%clk 01:31:52]} {[%emt 00:00:21]} 8. Bd3 {[%clk
01:32:36]} {[%emt 00:00:11]} Be7 {[%clk 01:31:23]} {[%emt 00:01:00]} 9. Qe2
{[%clk 01:32:43]} {[%emt 00:00:21]} Qd7 {[%clk 01:31:12]} {[%emt 00:00:42]} 10.
O-O-O {[%clk 01:33:01]} {[%emt 00:00:13]} O-O-O {[%clk 01:31:35]} {[%emt
00:00:08]} 11. Bb5 {[%clk 01:33:18]} {[%emt 00:00:12]} Kb8 {[%clk 01:30:11]}
{[%emt 00:01:53]} 12. Ne5 {[%clk 01:33:08]} {[%emt 00:00:41]} Qe8 {[%clk
01:28:41]} {[%emt 00:01:58]} 13. Nxc6+ {[%clk 01:32:34]} {[%emt 00:01:06]} bxc6
{[%clk 01:28:16]} {[%emt 00:00:54]} 14. Ba6 {[%clk 01:32:07]} {[%emt 00:00:57]}
Bc8 {[%clk 01:26:43]} {[%emt 00:02:03]} 15. Bxc8 {[%clk 01:31:34]} {[%emt
00:01:04]} Kxc8 {[%clk 01:25:42]} {[%emt 00:01:30]} 16. Qa6+ {[%clk 01:29:36]}
{[%emt 00:02:28]} Kd7 {[%clk 01:25:43]} {[%emt 00:00:25]} 17. Rhe1 {[%clk
01:25:33]} {[%emt 00:04:37]} f5 {[%clk 01:24:26]} {[%emt 00:01:48]} 18. Bc5
{[%clk 01:24:55]} {[%emt 00:01:08]} Qf7 {[%clk 01:18:01]} {[%emt 00:06:51]} 19.
Re2 {[%clk 01:14:04]} {[%emt 00:11:25]} Rhe8 {[%clk 01:17:12]} {[%emt
00:01:18]} 20. Kb1 {[%clk 01:07:22]} {[%emt 00:07:13]} Rb8 {[%clk 01:15:40]}
{[%emt 00:02:01]} 21. Qd3 {[%clk 00:55:06]} {[%emt 00:12:46]} Qh5 {[%clk
01:11:40]} {[%emt 00:04:28]} 22. Rde1 {[%clk 00:52:26]} {[%emt 00:03:12]} Bf6
{[%clk 01:09:03]} {[%emt 00:03:07]} 23. Bd4 {[%clk 00:49:07]} {[%emt 00:03:50]}
Bxd4 {[%clk 01:06:58]} {[%emt 00:02:35]} 24. cxd4 {[%clk 00:49:11]} {[%emt
00:00:25]} Rxe2 {[%clk 01:06:07]} {[%emt 00:01:21]} 25. Rxe2 {[%clk 00:49:32]}
{[%emt 00:00:10]} Qxh2 {[%clk 01:05:25]} {[%emt 00:01:11]} 26. Qxf5+ {[%clk
00:49:35]} {[%emt 00:00:27]} Kd8 {[%clk 01:05:17]} {[%emt 00:00:39]} 27. Re1
{[%clk 00:48:03]} {[%emt 00:02:02]} Rb5 {[%clk 01:03:49]} {[%emt 00:01:58]} 28.
Qf8+ {[%clk 00:47:56]} {[%emt 00:00:36]} Kd7 {[%emt 00:00:34]} 29. Re7# {[%emt
00:00:08]} 1-0

[Event "ODJM C 2024"]
[Site "Willingen GER"]
[Date "2024.05.22"]
[Round "6"]
[White "Weibrecht, Theo"]
[Black "Classen, Miguel"]
[Result "0-1"]
[Termination "normal"]
[Board "3"]
[WhiteElo "1596"]
[BlackElo "1519"]
[WhiteClock "00:48:42"]
[BlackClock "00:51:50"]
[PlyCount "92"]
[WhiteFideId "34660240"]
[BlackFideId "34623825"]
[EventCountry "GER"]
[EventRounds "9"]
[EventType "swiss"]
[EventDate "2024.05.18"]

1. c4 {[%clk 01:30:59]} Nf6 {[%clk 01:30:47]} {[%emt 00:00:14]} 2. Nf3 {[%clk
01:31:00]} {[%emt 00:00:28]} e6 {[%clk 01:31:12]} {[%emt 00:00:05]} 3. d4
{[%clk 01:31:16]} {[%emt 00:00:14]} d5 {[%clk 01:31:31]} {[%emt 00:00:11]} 4.
g3 {[%clk 01:29:15]} {[%emt 00:02:31]} c5 {[%clk 01:31:27]} {[%emt 00:00:35]}
5. e3 {[%clk 01:26:26]} {[%emt 00:03:19]} Nc6 {[%clk 01:29:47]} {[%emt
00:02:10]} 6. b3 {[%clk 01:26:32]} {[%emt 00:00:24]} cxd4 {[%clk 01:26:49]}
{[%emt 00:03:28]} 7. exd4 {[%clk 01:26:40]} {[%emt 00:00:22]} g6 {[%clk
01:25:06]} {[%emt 00:02:13]} 8. Bb2 {[%clk 01:26:13]} {[%emt 00:00:56]} Bg7
{[%clk 01:23:47]} {[%emt 00:01:48]} 9. Nbd2 {[%clk 01:26:13]} {[%emt 00:00:31]}
O-O {[%clk 01:22:16]} {[%emt 00:02:01]} 10. Bg2 {[%clk 01:26:38]} {[%emt
00:00:05]} Ne4 {[%clk 01:12:46]} {[%emt 00:10:00]} 11. O-O {[%clk 01:26:07]}
{[%emt 00:01:01]} Qb6 {[%clk 01:08:20]} {[%emt 00:04:57]} 12. Nxe4 {[%clk
01:21:26]} {[%emt 00:05:11]} dxe4 {[%clk 01:08:31]} {[%emt 00:00:18]} 13. Ng5
{[%clk 01:19:10]} {[%emt 00:02:39]} f5 {[%clk 01:07:12]} {[%emt 00:01:56]} 14.
Ba3 {[%clk 01:12:59]} {[%emt 00:06:41]} Rd8 {[%clk 01:05:03]} {[%emt 00:02:39]}
15. Bb2 {[%clk 01:03:32]} {[%emt 00:09:58]} Nxd4 {[%clk 01:05:01]} {[%emt
00:00:31]} 16. Bxd4 {[%clk 01:03:39]} {[%emt 00:00:23]} Qxd4 {[%clk 01:05:17]}
{[%emt 00:00:14]} 17. Qxd4 {[%clk 01:03:53]} {[%emt 00:00:17]} Rxd4 {[%clk
01:05:34]} {[%emt 00:00:12]} 18. Rad1 {[%clk 01:03:51]} {[%emt 00:00:31]} h6
{[%clk 01:05:34]} {[%emt 00:00:31]} 19. Nh3 {[%clk 01:03:51]} {[%emt 00:00:30]}
e5 {[%clk 01:05:23]} {[%emt 00:00:42]} 20. f3 {[%clk 01:03:08]} {[%emt
00:01:12]} exf3 {[%clk 01:04:22]} {[%emt 00:01:31]} 21. Rxd4 {[%clk 01:02:06]}
{[%emt 00:01:32]} exd4 {[%clk 01:04:00]} {[%emt 00:00:52]} 22. Bxf3 {[%clk
01:02:21]} {[%emt 00:00:15]} Rb8 {[%clk 01:02:43]} {[%emt 00:01:47]} 23. Bd5+
{[%clk 01:02:24]} {[%emt 00:00:27]} Kf8 {[%clk 01:02:49]} {[%emt 00:00:24]} 24.
Nf4 {[%clk 01:02:12]} {[%emt 00:00:39]} g5 {[%clk 01:01:54]} {[%emt 00:01:29]}
25. Ng6+ {[%clk 01:00:35]} {[%emt 00:02:06]} Ke8 {[%clk 01:00:40]} {[%emt
00:01:41]} 26. Re1+ {[%clk 01:00:44]} {[%emt 00:00:23]} Kd8 {[%clk 01:00:37]}
{[%emt 00:00:34]} 27. Re7 {[%clk 01:00:32]} {[%emt 00:00:30]} Bf8 {[%clk
00:58:49]} {[%emt 00:02:20]} 28. Rh7 {[%clk 00:58:35]} {[%emt 00:02:31]} Bc5
{[%clk 00:54:56]} {[%emt 00:04:29]} 29. a4 {[%clk 00:54:46]} {[%emt 00:04:19]}
d3+ {[%clk 00:55:04]} {[%emt 00:00:21]} 30. Kf1 {[%clk 00:55:06]} {[%emt
00:00:10]} d2 {[%clk 00:55:18]} {[%emt 00:00:17]} 31. Ke2 {[%clk 00:55:26]}
{[%emt 00:00:09]} Bb4 {[%clk 00:55:30]} {[%emt 00:00:19]} 32. a5 {[%clk
00:54:25]} {[%emt 00:01:31]} f4 {[%clk 00:55:44]} {[%emt 00:00:15]} 33. Rh8+
{[%clk 00:54:27]} {[%emt 00:00:28]} Kc7 {[%clk 00:55:43]} {[%emt 00:00:32]} 34.
Rh7+ {[%clk 00:52:06]} {[%emt 00:02:50]} Kd6 {[%clk 00:53:55]} {[%emt
00:02:19]} 35. Ne5 {[%clk 00:48:11]} {[%emt 00:04:24]} Kxe5 {[%clk 00:53:12]}
{[%emt 00:01:14]} 36. Re7+ {[%clk 00:47:05]} {[%emt 00:01:34]} Bxe7 {[%clk
00:49:40]} {[%emt 00:04:04]} 37. gxf4+ {[%clk 00:47:27]} {[%emt 00:00:09]} Kxf4
{[%clk 00:49:52]} {[%emt 00:00:17]} 38. Kxd2 {[%clk 00:47:48]} {[%emt
00:00:08]} Bb4+ {[%clk 00:50:03]} {[%emt 00:00:19]} 39. Ke2 {[%clk 00:47:52]}
{[%emt 00:00:27]} Bf5 {[%clk 00:50:20]} {[%emt 00:00:13]} 40. h4 {[%clk
00:47:52]} {[%emt 00:00:29]} g4 {[%clk 00:50:41]} {[%emt 00:00:10]} 41. h5
{[%clk 00:48:12]} {[%emt 00:00:10]} g3 {[%clk 00:51:04]} {[%emt 00:00:07]} 42.
Kf1 {[%clk 00:48:35]} {[%emt 00:00:07]} Be4 {[%clk 00:51:10]} {[%emt 00:00:24]}
43. Bxe4 {[%clk 00:48:50]} {[%emt 00:00:16]} Kxe4 {[%clk 00:51:35]} {[%emt
00:00:04]} 44. c5 {[%emt 00:00:26]} Kf3 {[%clk 00:51:28]} {[%emt 00:00:18]} 45.
c6 {[%clk 00:48:55]} {[%emt 00:00:48]} Re8 {[%clk 00:51:50]} {[%emt 00:00:07]}
46. cxb7 {[%clk 00:48:42]} {[%emt 00:00:44]} Re1# {[%emt 00:00:09]} 0-1